A first course in mathematical analysis / (Record no. 51024)
[ view plain ]
| 000 -LEADER | |
|---|---|
| fixed length control field | 00719nam a2200253 a 4500 |
| 001 - CONTROL NUMBER | |
| control field | 51024 |
| 003 - CONTROL NUMBER IDENTIFIER | |
| rucl marc code | BD-RjUL |
| 005 - DATE AND TIME OF LATEST TRANSACTION | |
| control field | 20211209075611.0 |
| 008 - FIXED-LENGTH DATA ELEMENTS--GENERAL INFORMATION | |
| fixed length control field | 160829t19741962xx 000 0 eng d |
| 020 ## - INTERNATIONAL STANDARD BOOK NUMBER | |
| International Standard Book Number | 0521294681 |
| International Standard Book Number | 0706908546 |
| 035 ## - SYSTEM CONTROL NUMBER | |
| System control number | (BD-RjUL) 51144 |
| System control number | (OCoLC)06498882 |
| 040 ## - CATALOGING SOURCE | |
| Original cataloging agency | OSU |
| Transcribing agency | OSU |
| Modifying agency | BD-RjUL |
| Language of cataloging | eng |
| 041 ## - LANGUAGE CODE | |
| Language code of text/sound track or separate title | eng |
| 082 ## - DEWEY DECIMAL CLASSIFICATION NUMBER | |
| Edition number | 23 |
| Classification number | 515 |
| Author mark and year | BUF 1974 |
| 100 1# - MAIN ENTRY--PERSONAL NAME | |
| Personal name | Burkill, J. C. |
| 9 (RLIN) | 152665 |
| 245 12 - TITLE STATEMENT | |
| Title | A first course in mathematical analysis / |
| Statement of responsibility, etc. | J. C. Burkill. |
| 260 ## - PUBLICATION, DISTRIBUTION, ETC. (IMPRINT) | |
| Place of publication, distribution, etc. | New York : |
| Name of publisher, distributor, etc. | Vikas Publishing House, |
| Date of publication, distribution, etc. | 1962 [Reprinted 1979] |
| 300 ## - PHYSICAL DESCRIPTION | |
| Pagination | vi, 186 p. |
| Illustrations | ill. |
| Size | 22 cm. |
| 500 ## - GENERAL NOTE | |
| General note | Includes index. |
| 650 #0 - SUBJECT ADDED ENTRY--TOPICAL TERM | |
| Topical term or geographic name as entry element | Mathematical analysis. |
| 9 (RLIN) | 152666 |
| 942 ## - ADDED ENTRY ELEMENTS (KOHA) | |
| Source of classification or shelving scheme | Dewey Decimal Classification |
| Koha item type | Books |
| Lost status | Source of classification or shelving scheme | Damaged status | Not for loan | Collection code | Permanent Location | Current Location | Shelving location | Date acquired | Source of acquisition | Cost, normal purchase price | Total Checkouts | Full call number | Date last seen | Copy number | Koha item type |
|---|---|---|---|---|---|---|---|---|---|---|---|---|---|---|---|
| Dewey Decimal Classification | Non-fiction | Central Library, University of Rajshahi | Central Library, University of Rajshahi | 01/09/1985 | Tulip Interprise | 40.00 | 515 BUF 1974 | 29/08/2016 | C-2 | Books | |||||
| Dewey Decimal Classification | Non-fiction | Central Library, University of Rajshahi | Central Library, University of Rajshahi | 28/08/1984 | A.B.A. Thragh Tulip,Dhaka | 40.00 | 515 BUF 1974 | 29/08/2016 | C-3 | Books | |||||
| Dewey Decimal Classification | Non-fiction | Central Library, University of Rajshahi | Central Library, University of Rajshahi | 18/07/1988 | Mirza book | 13.08 | 515 BUF 1987 | 29/08/2016 | C-4 | Books | |||||
| Dewey Decimal Classification | Non-fiction | Central Library, University of Rajshahi | Central Library, University of Rajshahi | 01/09/1985 | Tulip | 40.00 | 515 BUF 1974 | 29/08/2016 | C-5 | Books | |||||
| Dewey Decimal Classification | Non-fiction | Central Library, University of Rajshahi | Central Library, University of Rajshahi | 01/09/1985 | Tulip | 40.00 | 515 BUF 1974 | 29/08/2016 | C-6 | Books | |||||
| Dewey Decimal Classification | Non-fiction | Central Library, University of Rajshahi | Central Library, University of Rajshahi | 18/07/1988 | Mirga book Agency | 13.08 | 515 BUF 1987 | 29/08/2016 | C-7 | Books | |||||
| Dewey Decimal Classification | Non-fiction | Central Library, University of Rajshahi | Central Library, University of Rajshahi | 01/09/1985 | Tulip Interprise | 40.00 | 515 BUF 1979 | 30/08/2016 | C-8 | Books | |||||
| Dewey Decimal Classification | Non-fiction | Central Library, University of Rajshahi | Central Library, University of Rajshahi | 28/08/1984 | Tulip Interprise | 40.00 | 515 BUF 1974 | 30/08/2016 | C-9 | Books | |||||
| Dewey Decimal Classification | Non-fiction | Central Library, University of Rajshahi | Central Library, University of Rajshahi | 30/08/1973 | National book agency | 60.50 | 515 BUF 1967 | 03/11/2016 | C-10 | Books |